00655nam a2200169 u 450000100100000000500170001000800410002704000250006808200150009324500700010826000460017830000240022450000370024850400730028595201120035899900150047000000165520200929145642.0710329s1969 xxc 000 0 eng  aDO-SdBNPcengdBNPHU axxxxbxxxx00aReport of the Royal Commission on Bilingualism and Biculturalism. aOttawa, Canada :bQueen's Printer,c1969. av. :bil. ;c24 cm. aLa biblioteca posee el volumen 3 aIncluye referencias bibliográficas y notas al pie de las páginas 001050718MOaGRbGRcHDd2009-09-22iLF1l0oxxxx xxxxp1655-10r2020-06-25w2020-06-25y1ZNo se presta c1541d1541